ბათუმის შოთა რუსთაველის სახელმწიფო უნივერსიტეტის ბიბლიოთეკა

Деятельность адвоката в суде по дегам о защите чести, достоинства и деловой репутации (ბიბ.ჩანაწერი № 36144)

000 -LEADER
fixed length control field 00820nam a2200217Ia 4500
001 - CONTROL NUMBER
control field 2046
003 - CONTROL NUMBER IDENTIFIER
control field GE_BSU
008 - FIXED-LENGTH DATA ELEMENTS--GENERAL INFORMATION
fixed length control field 181216s||||||||xx |||||||||||||| ||und||
020 ## - INTERNATIONAL STANDARD BOOK NUMBER
International Standard Book Number 5797508338
040 ## - CATALOGING SOURCE
Transcribing agency GE_BSU
080 ## - UNIVERSAL DECIMAL CLASSIFICATION NUMBER
Universal Decimal Classification number 347.965(470)(075.8):343.1(470)(075.8)
100 ## - MAIN ENTRY--PERSONAL NAME
Personal name Власов,А.А.
245 ## - TITLE STATEMENT
Title Деятельность адвоката в суде по дегам о защите чести, достоинства и деловой репутации
245 ## - TITLE STATEMENT
Remainder of title Практическое пособие
260 ## - PUBLICATION, DISTRIBUTION, ETC.
Place of publication, distribution, etc. Москва
260 ## - PUBLICATION, DISTRIBUTION, ETC.
Name of publisher, distributor, etc. Юристь
260 ## - PUBLICATION, DISTRIBUTION, ETC.
Date of publication, distribution, etc. 2006
300 ## - PHYSICAL DESCRIPTION
Extent 207стр.20см.
653 ## - INDEX TERM--UNCONTROLLED
Uncontrolled term Деятельность адвоката в суде по дегам о защите чести, достоинства и деловой репутации
942 ## - ADDED ENTRY ELEMENTS (KOHA)
Koha item type წიგნი
ეგზემპლარები
Withdrawn status Lost status Damaged status Not for loan Date acquired Barcode Date last seen Price effective from Koha item type
        2018-12-17 3805 2018-12-17 2018-12-17 წიგნი